00357pam a2200145 a 4500020000500000040002500005041001300030082001500043100001900058245007000077250001400147260002600161300001300187365001100200 c aMedical College Lib. aENGhENG a618.2bSWI aDe Swietm, . aMedical Disorders In Obstetrics Practice / chTextual Documents a2nd / b. a : bOxford , c1990. a218 ; c a350=00